| LEADER | 01092nam a2200349 4500 | ||
|---|---|---|---|
| 001 | DLU090070035 | ||
| 005 | ##20090525 | ||
| 040 | # | # | |a DLU |b eng |
| 041 | # | # | |a eng |
| 044 | # | # | |a UK |
| 245 | # | # | |a Effect of equi-molar dietary betaine and choline addition on performance, carcass quality and physiological parameters of pigs / |c H. Siljander-Rasi, S. Peuranen, K. Tiihonen, E. Virtanen, H. Kettunen, T. Alaviuhkola, P. H. Simmins. |
| 653 | # | # | |a Betaine |
| 653 | # | # | |a Choline |
| 653 | # | # | |a Liver |
| 653 | # | # | |a Pigs |
| 700 | # | # | |a Alaviuhkola, T. |
| 700 | # | # | |a Kettunen, H. |
| 700 | # | # | |a Peuranen, S. |
| 700 | # | # | |a Siljander-Rasi, H. |
| 700 | # | # | |a Simmins, P. H. |
| 700 | # | # | |a Tiihonen, K. |
| 700 | # | # | |a Virtanen, E. |
| 773 | # | # | |t Animal Science |g Vol. 76, no. 1 (February 2003), p. 55-62 |
| 920 | # | # | |a Phòng Tạp chí -- Trung tâm Thông tin - Thư viện Trường Đại học Đà Lạt |
| 994 | # | # | |a DLU |
| 900 | # | # | |a True |
| 911 | # | # | |a Trương Bảo Trâm Anh |
| 925 | # | # | |a G |
| 926 | # | # | |a A |
| 927 | # | # | |a BB |
| 980 | # | # | |a Thư viện Trường Đại học Đà Lạt |